Text book on Indian Penal Code/ (Record no. 157966)

MARC details
000 -LEADER
fixed length control field 00691nam a22001937a 4500
005 - DATE AND TIME OF LATEST TRANSACTION
control field 20181011175803.0
010 ## - LCCN (DPL NO)
LC control number B-709311
020 ## - INTERNATIONAL STANDARD BOOK NUMBER
International Standard Book Number 9789350358382
Terms of availability 695.00
035 ## - SYSTEM CONTROL NUMBER
System control number B-709311
037 ## - SOURCE OF ACQUISITION
Source of stock number/acquisition PANSY BOOKS(RP)
082 ## - DEWEY DECIMAL CLASSIFICATION NUMBER
Classification number 345.54
100 ## - MAIN ENTRY--PERSONAL NAME
Personal name Gaud, K.C.
245 ## - TITLE STATEMENT
Title Text book on Indian Penal Code/
Statement of responsibility, etc by K.D. Gaud
250 ## - EDITION STATEMENT
Edition statement 6th ed.
260 ## - PUBLICATION, DISTRIBUTION, ETC. (IMPRINT)
Place of publication, distribution, etc Gurgaon
Name of publisher, distributor, etc Universal Law Publishing( LexisNexis)
Date of publication, distribution, etc 2018
300 ## - PHYSICAL DESCRIPTION
Extent cxxxvi,1215p.
Dimensions 24cm(pbk)
942 ## - ADDED ENTRY ELEMENTS (KOHA)
Source of classification or shelving scheme Dewey Decimal Classification
Item type English Books
Classification part 345.54
Call number suffix GAU
Holdings
Withdrawn status Lost status Not for loan Collection code Home library Current library Date acquired Source of acquisition Cost, normal purchase price Full call number Barcode Copy number Cost, replacement price Koha item type
      Non-fiction Patel Nagar Patel Nagar 11/10/2018 PANSY BOOKS /1783/28.09.8/DPL/PN/RP/2018-19/1232/22.09.18/29.09.18 695.00 345.54 GAU B-709311 1 695.00 English Books

© Delhi Public Library
Hit Counter
free hit counter